|
|
|
|
| LEADER |
01262nam a2200313 a 4500 |
| 001 |
3032901 |
| 008 |
130117s1996 nyua b 001 0 eng d |
| 010 |
|
|
|a 95015487
|
| 020 |
|
|
|a 9780791427361
|
| 020 |
|
|
|a 0791427358 (hardcover)
|
| 020 |
|
|
|a 0791427366 (pbk.)
|
| 040 |
|
|
|a DNLM/DLC
|c DLC
|d DLC
|d BD-DhAAL
|
| 082 |
0 |
0 |
|a 616/.0472/01
|2 20
|
| 100 |
1 |
|
|a Bates, Maryann S.,
|d 1942-
|
| 245 |
1 |
0 |
|a Biocultural dimensions of chronic pain :
|b implications for treatment of multi-ethnic populations /
|c Maryann S. Bates.
|
| 260 |
|
|
|a Albany :
|b State University of New York Press,
|c c1996.
|
| 300 |
|
|
|a xix, 205 p. :
|b ill. ;
|c 24 cm.
|
| 440 |
|
0 |
|a SUNY series in medical anthropology
|
| 504 |
|
|
|a Includes bibliographical references (p. 189-200) and index.
|
| 541 |
1 |
|
|e 00026534
|
| 650 |
|
0 |
|a Chronic pain
|x Cross-cultural studies.
|
| 650 |
1 |
2 |
|a Pain
|x ethnology.
|
| 650 |
2 |
2 |
|a Pain
|x psychology.
|
| 650 |
2 |
2 |
|a Chronic Disease.
|
| 650 |
2 |
2 |
|a Attitude to Health
|x ethnology.
|
| 650 |
2 |
2 |
|a Cross-Cultural Comparison.
|
| 852 |
1 |
|
|a Ayesha Abed library
|c General Shelf
|
| 999 |
|
|
|c 13127
|d 13127
|
| 952 |
|
|
|0 0
|1 0
|2 ddc
|4 0
|6 616_047201000000000_BAT
|7 0
|9 21854
|a JPGSPH
|b JPGSPH
|c GEN
|d 2013-01-21
|e Trim Education
|g 3895.00
|l 0
|o 616.047201 BAT
|p 3060026534
|r 2013-01-21
|t 1
|w 2013-01-21
|y BK
|